All WWE United States Champions - Statistics

General Stats
  • This quiz has been taken 737 times
    10 since last reset
  • The average score is 36 of 57
Answer Stats
Total Reigns Answer % Correct
1 Dean Ambrose
100%
5 John Cena
100%
1 Randy Orton
100%
1 Roman Reigns
100%
2 Sami Zayn
100%
2 Seth Rollins
100%
3 Shinsuke Nakamura
100%
3 Kevin Owens
90%
3 Kofi Kingston
90%
3 Rey Mysterio
90%
2 The Miz
90%
1 Trick Williams
90%
3 AJ Styles
80%
3 Bobby Lashley
80%
1 Carmelo Hayes
80%
1 Jeff Hardy
80%
1 Matt Hardy
80%
3 Rusev
80%
3 Sheamus
80%
1 The Big Show
80%
3 Chris Benoit
70%
2 Chris Jericho
70%
1 Damian Priest
70%
1 Daniel Bryan
70%
1 Eddie Guerrero
70%
1 Jacob Fatu
70%
2 LA Knight
70%
1 Solo Sikoa
70%
1 Apollo Crews
60%
3 Booker T
60%
1 Finn Balor
60%
1 Ilja Dragunov
60%
2 Montel Vontavius Porter
60%
1 Zack Ryder
60%
2 Austin Theory
50%
2 Dolph Ziggler
50%
1 John "Bradshaw" Layfield
50%
1 Logan Paul
50%
2 Samoa Joe
50%
1 Shelton Benjamin
50%
2 Alberto Del Rio
40%
1 Antonio Cesaro
40%
1 Bobby Roode
40%
1 Bret Hart
40%
1 Carlito
40%
1 Finlay
40%
1 Jinder Mahal
40%
1 Mr. Kennedy
40%
1 Orlando Jordan
40%
2 R-Truth
40%
1 Andrade "Cien Almas"
30%
1 Baron Corbin
30%
2 Kalisto
30%
1 Matt Riddle
30%
1 Ricochet
30%
1 Jack Swagger
20%
1 Santino Marella
20%
No matching quizzes found
Score Distribution
Percent of People with Each Score
Percentile by Number Answered
Your Score History
You have not taken this quiz since the last reset